| 000 | 01659cad a22003135a 4500 | ||
|---|---|---|---|
| 001 | L160100 | ||
| 008 | 100611s2009 xxk f 000 0 eng d | ||
| 035 | _a(Sirsi) u160100 | ||
| 041 | 0 | _aeng | |
| 110 | 2 | _aFederation International Des Geometres | |
| 111 | 2 |
_aFIG / World Bank Conference Washington DC, USA _d9 - 10 March 2009 |
|
| 245 | 0 | 0 |
_aLand Administration and Management projects in Europe and Central Asia _bExperience, lessons learnt and the future agenda _h[electronic resource] |
| 260 |
_aWashington _bFIG _c2009 |
||
| 520 | _aEvaluates the impact the World Bank has had with projects focused on Land Adminstration and Management (LAM) in the Europe and Central Asia (ECA) and assesses what still needs to be done. In the ECA region there has been a major reform in the LAM sector because of the political changes that occurred following the collapse of socialism in the late 1980s to early 1990s. The World Bank has been in the forefront of assisting countries with their land reform throughout the region over the past 15 years. Many countries have made remarkable progress and some have gained EU membership status. | ||
| 521 | _aAdvanced | ||
| 590 | _aKA | ||
| 650 | 2 | 4 | _aLAND ADMINISTRATION |
| 650 | 2 | 4 | _aLAND REFORM |
| 651 | 4 | _aEurope | |
| 651 | 4 | _aAsia | |
| 690 |
_aLand use _96251 |
||
| 700 | 1 | _aAdlington, G. | |
| 700 | 1 | _aStanley, Victoria | |
| 700 | 1 | _aSatana, Suha | |
| 700 | 1 | _aBaldwin, Richard | |
| 700 | 1 | _aPalmissano, Maria | |
| 856 | 4 | 0 |
_uhttps://www.rics.org/Global/Downloads/Experience_from_10_Years_of_Improving_Land_Administration_in_ECA.pdf _zView the document free of charge at www.rics.org |
| 942 | _n0 | ||
| 999 |
_c116216 _d116216 |
||